00989nam a2200217 a 450000100100000000500170001000800410002702000160006804000250008410000410010924501210015026000720027130000170034349000550036050400730041550400270048871000710051583000620058695201060064899900170075400004148420201002034930.0131007s1999 sp 000 0 spa d a84400078438 aDO-SdBNPbspacBNPHU1 aNúñez Olarte, Juan Manuel96817413aEl hospital general de Madrid en el siglo XVIII :bactividad médico-quirúrgica) /cJuan Manuel Núñez Olarte. aMadrid :bConsejo Superior de Investigaciones Científicas,c1999. a356 p ;c19.1 aCuadernos Galileo de la Historia de la Cienciav19 aIncluye referencias bibliográficas y notas al pie de las páginas aBibliografía 323-3332 aConsejo Superior de Investigaciones Científicas(España)967719 0aCuadernos Galileo de la Historia de la Cienciav19968175 0010507-18MOaGRbGRcOId2013-10-07iLF1l0o p41484-10r2020-06-25w2020-06-25y1ZNo se presta c40974d40974